Normal view
MARC view
Entry Topical Term
001 - CONTROL NUMBER
- control field: 31646
003 - CONTROL NUMBER IDENTIFIER
- control field: OSt
005 - DATE AND TIME OF LATEST TRANSACTION
- control field: 20220701142435.0
008 - FIXED-LENGTH DATA ELEMENTS
- fixed length control field: 220701|| aca||aabn | a|a d
040 ## - CATALOGING SOURCE
- Original cataloging agency: OSt
- Transcribing agency: OSt
150 ## - HEADING--TOPICAL TERM
- Topical term or geographic name entry element: Fiction - General
670 ## - SOURCE DATA FOUND
- Source citation: Work cat.: (OSt): Gantara, Ami 31644, Mahabharata unravelled: lesser - known facets of a well-known history, 2022
